[Event "Mediterranean zonal 5 (w)"]
[Site "Pula YUG"]
[Date "1990.??.??"]
[Round "?"]
[White "Markovic-Jovanovic, Gordana"]
[Black "Makropoulou, Marina"]
[Result "1/2-1/2"]
[WhiteElo "2230"]
[BlackElo "2230"]
[EventDate "1990.??.??"]
[PlyCount "148"]

1.e4 c5 2.b3 Nc6 3.Bb2 e5 4.f4 d6 5.Nf3 g6 6.Bb5 Bg7 7.O-O Ne7 8.fxe5 O-O 
9.d4 Nxd4 10.Nxd4 Bxe5 11.c3 cxd4 12.cxd4 Bg7 13.Na3 a6 14.Be2 b5 15.Bf3 
Bb7 16.Nc2 Rc8 17.Ne3 Rc7 18.Qd3 Rc8 19.Rf2 Nc6 20.Nd5 Ne7 21.Bg4 Nxd5 22.
Bxc8 Qxc8 23.exd5 Bxd5 24.Rd1 Qd7 25.Qg3 a5 26.Bc1 Re8 27.Be3 Re4 28.Rf4 
Re6 29.Rff1 Re4 30.h3 f5 31.Kh1 b4 32.Rfe1 Re6 33.Bf4 Be4 34.Qf2 g5 35.Bc1
d5 36.a3 f4 37.axb4 axb4 38.Kg1 Rc6 39.Bd2 Rc2 40.Rc1 Rb2 41.Rc5 Rxb3 42.
Rec1 Rb1 43.Rxb1 Bxb1 44.Bxb4 Be4 45.Ra5 Qb7 46.Bc5 h6 47.h4 Qb3 48.Ra1 
Qd3 49.hxg5 hxg5 50.Ra8+ Kh7 51.Ra3 Qd1+ 52.Kh2 Bf5 53.Qf3 Qxf3 54.gxf3 g4
55.Kg2 gxf3+ 56.Kxf3 Bh6 57.Bd6 Be4+ 58.Kg4 f3 59.Bg3 Bd2 60.Ra7+ Kg6 61.
Ra6+ Kf7 62.Bf2 Ke7 63.Kg3 Kd7 64.Ra2 Bc1 65.Ra5 Bd2 66.Rc5 Bb4 67.Rb5 Bd2
68.Kh2 Bf4+ 69.Kh3 Bd2 70.Rb6 Kc7 71.Ra6 Kb7 72.Ra2 Bc1 73.Ra1 Bd2 74.Ra2 
Bc1 1/2-1/2

[Event "Mediterranean zonal 5 (w)"]
[Site "Pula YUG"]
[Date "1990.??.??"]
[Round "?"]
[White "Markovic-Jovanovic, Gordana"]
[Black "Oney, Fatmanur"]
[Result "1-0"]
[WhiteElo "2230"]
[BlackElo "2020"]
[EventDate "1990.??.??"]
[PlyCount "53"]

1.e4 c5 2.Nf3 Nc6 3.Bb5 a6 4.Bxc6 bxc6 5.b3 d6 6.Bb2 e5 7.O-O g6 8.c3 Bg7 
9.d4 cxd4 10.cxd4 Qc7 11.dxe5 dxe5 12.Nbd2 Be6 13.Ng5 Qe7 14.f4 Nh6 15.Qc1
O-O 16.Ba3 Qd7 17.Nxe6 fxe6 18.Bxf8 Qd4+ 19.Kh1 Bxf8 20.Qxc6 Ng4 21.Qxa8 
Qxd2 22.fxe5 Nf2+ 23.Rxf2 Qxf2 24.Qe8 Qf7 25.Qxf7+ Kxf7 26.Rc1 g5 27.Rc7+ 
1-0

[Event "Mediterranean zonal 5 (w)"]
[Site "Pula YUG"]
[Date "1990.??.??"]
[Round "?"]
[White "Basagic, Vesna"]
[Black "Micic, Jordanka"]
[Result "1-0"]
[WhiteElo "2270"]
[BlackElo "2210"]
[EventDate "1990.??.??"]
[PlyCount "82"]

1.d4 Nf6 2.c4 e6 3.Nf3 c5 4.d5 exd5 5.cxd5 d6 6.Nc3 g6 7.Bg5 Bg7 8.e3 O-O 
9.Bd3 a6 10.a4 h6 11.Bh4 g5 12.Bg3 Nh5 13.Nd2 Nxg3 14.hxg3 f5 15.Nc4 b6 
16.Qh5 Nd7 17.Rd1 Rb8 18.Qe2 Qf6 19.Na3 Ra8 20.f4 Bb7 21.O-O Rae8 22.Nc2 
gxf4 23.gxf4 Qh4 24.Rf3 Kh8 25.Bxa6 Bxa6 26.Qxa6 Bxc3 27.bxc3 Rg8 28.Ne1 
Nf6 29.Qxb6 Ne4 30.Qb2 Ng3 31.c4+ Kh7 32.Kf2 Rg7 33.Qxg7+ Kxg7 34.Rxg3+ 
Kh7 35.Nf3 Qe7 36.Ng5+ Kh8 37.Rh1 Qf6 38.Rxh6+ Qxh6 39.Nf7+ Kh7 40.Nxh6 
Kxh6 41.Rh3+ Kg6 1-0

[Event "Mediterranean zonal 5 (w)"]
[Site "Pula YUG"]
[Date "1990.??.??"]
[Round "?"]
[White "Basagic, Vesna"]
[Black "Botsari, Anna-Maria"]
[Result "1-0"]
[WhiteElo "2270"]
[BlackElo "2205"]
[EventDate "1990.??.??"]
[PlyCount "83"]

1.d4 Nf6 2.c4 e6 3.Nc3 d5 4.Bg5 Nbd7 5.e3 c6 6.cxd5 exd5 7.Bd3 Be7 8.Nge2 
O-O 9.Qc2 Re8 10.O-O Nf8 11.f3 h6 12.Bh4 c5 13.b3 Ne6 14.Bb5 Rf8 15.dxc5 
Bxc5 16.Bf2 Qb6 17.Qd2 Rd8 18.Rad1 a6 19.Bd3 Bd7 20.Bb1 Be8 21.Kh1 Rac8 
22.Qd3 Qa5 23.Bh4 Ng5 24.Rc1 Bb4 25.Rfd1 Rd7 26.Bg3 Ba3 27.Rc2 Ne6 28.Be5 
Ne4 29.fxe4 dxe4 30.Qxe4 Rxd1+ 31.Nxd1 Rxc2 32.Bxc2 Qe1+ 33.Ng1 Bc6 34.Qg4
Qd2 35.Qe2 Qd5 36.Nf3 Ng5 37.Nxg5 Qxe5 38.Nf3 Qh5 39.Nd4 Qh4 40.Nxc6 Bd6 
41.g3 Bxg3 42.Ne7+ 1-0

[Event "Mediterranean zonal 5 (w)"]
[Site "Pula YUG"]
[Date "1990.??.??"]
[Round "?"]
[White "Basagic, Vesna"]
[Black "Kondou, Eva"]
[Result "1/2-1/2"]
[WhiteElo "2270"]
[BlackElo "2240"]
[EventDate "1990.??.??"]
[PlyCount "123"]

1.d4 f5 2.Qd3 d6 3.Nc3 Nc6 4.e4 Qd7 5.Nf3 Nf6 6.a3 fxe4 7.Nxe4 Nxe4 8.Qxe4
Qf5 9.Bd3 Qxe4+ 10.Bxe4 Bg4 11.Be3 Bxf3 12.Bxf3 O-O-O 13.d5 Ne5 14.Be2 Kb8
15.f4 Nd7 16.Bg4 Nf6 17.Be6 g6 18.O-O-O Bg7 19.Rhe1 Rdf8 20.g3 h5 21.h3 a6
22.Bd2 Bh6 23.g4 hxg4 24.hxg4 Bg7 25.Re2 Rh4 26.Rg1 Rfh8 27.c3 Rh2 28.Rxh2
Rxh2 29.Re1 Rh4 30.g5 Nh5 31.Rf1 Ng3 32.Be1 Rxf4 33.Rxf4 Ne2+ 34.Kd2 Nxf4 
35.Bf7 Nh3 36.Bxg6 Nxg5 37.Ke3 Bh6 38.Bh4 Nf7+ 39.Ke4 Ne5 40.Bh5 Bc1 41.b4
Bxa3 42.Bxe7 Bb2 43.Kd4 b6 44.Bf6 Nd7 45.Bg5 a5 46.Kd3 Ba3 47.Kc4 axb4 48.
cxb4 Bb2 49.Be8 Ne5+ 50.Kb3 Nf3 51.Be3 Be5 52.Bh5 Nh4 53.Bg4 Kb7 54.Bg5 
Ng6 55.Bf5 Nh8 56.Be4 Nf7 57.Be3 Bf6 58.Bf4 Nd8 59.Bg6 Kc8 60.Be8 Nb7 61.
Bc6 Nd8 62.Be8 1/2-1/2

[Event "Mediterranean zonal 5 (w)"]
[Site "Pula YUG"]
[Date "1990.??.??"]
[Round "?"]
[White "Basagic, Vesna"]
[Black "Maksimovic, Suzana"]
[Result "1-0"]
[WhiteElo "2270"]
[BlackElo "2280"]
[EventDate "1990.??.??"]
[PlyCount "89"]

1.e4 c5 2.Nf3 Nc6 3.Bb5 e6 4.O-O Nge7 5.b3 a6 6.Bxc6 Nxc6 7.Bb2 d5 8.exd5 
Qxd5 9.Re1 Be7 10.Bxg7 Rg8 11.Nc3 Qf5 12.Be5 Nxe5 13.Nxe5 b5 14.Qf3 Qxf3 
15.Nxf3 Bb7 16.Re3 O-O-O 17.Rd1 h5 18.Ne1 h4 19.Kf1 Rg4 20.f3 Rgd4 21.d3 
Bd6 22.Ne2 Rd5 23.h3 Bc7 24.Nc3 Rf5 25.Ne4 c4 26.Rb1 cxb3 27.axb3 Re5 28.
Re2 Rd4 29.c3 Rd8 30.d4 Bxe4 31.fxe4 Rh5 32.Nf3 Kb7 33.e5 Bb6 34.Re4 Rdh8 
35.Rf4 R5h7 36.Ng5 Rg7 37.Nxf7 Rhg8 38.Rb2 Kc6 39.Nh6 Rh8 40.Ng4 Kd5 41.
c4+ Kc6 42.Nf6 Rg3 43.d5+ Kb7 44.dxe6 Rd8 45.Nd5 1-0

[Event "Mediterranean zonal 5 (w)"]
[Site "Pula YUG"]
[Date "1990.??.??"]
[Round "?"]
[White "Basagic, Vesna"]
[Black "Petraki, Maria"]
[Result "1-0"]
[WhiteElo "2270"]
[BlackElo "2055"]
[EventDate "1990.??.??"]
[PlyCount "53"]

1.d4 e6 2.c4 Nf6 3.Nf3 Bb4+ 4.Nbd2 b6 5.a3 Bxd2+ 6.Bxd2 Bb7 7.Bg5 h6 8.Bh4
d6 9.e3 Nbd7 10.h3 g5 11.Bg3 Rg8 12.Nd2 h5 13.h4 g4 14.Qc2 Qe7 15.O-O-O 
O-O-O 16.Bf4 e5 17.Bg5 e4 18.d5 Rde8 19.Nb3 Rg6 20.Nd4 Nc5 21.b4 Ncd7 22.
Qa4 a6 23.Nc6 Bxc6 24.dxc6 Nb8 25.c5 Qe5 26.cxd6 Re6 27.Bxa6+ 1-0

[Event "Mediterranean zonal 5 (w)"]
[Site "Pula YUG"]
[Date "1990.??.??"]
[Round "?"]
[White "Nikolin, Zorica"]
[Black "Bojkovic, Natasa"]
[Result "1/2-1/2"]
[WhiteElo "2220"]
[BlackElo "2270"]
[EventDate "1990.??.??"]
[PlyCount "54"]

1.e4 c5 2.Nf3 e6 3.d4 cxd4 4.Nxd4 a6 5.Bd3 d6 6.O-O g6 7.c4 Bg7 8.Nb3 Nf6 
9.Nc3 O-O 10.Be2 Qc7 11.Bf4 e5 12.Be3 Be6 13.Rc1 Nbd7 14.Qd3 Rac8 15.Nd5 
Qd8 16.Rfd1 Ng4 17.Bxg4 Bxg4 18.f3 Be6 19.Qd2 Nc5 20.Qb4 Nxb3 21.axb3 Re8 
22.c5 dxc5 23.Bxc5 Bxd5 24.Rxd5 Qg5 25.Rcd1 Bf8 26.Bxf8 Rxf8 27.Qd2 Qf6 
1/2-1/2

[Event "Mediterranean zonal 5 (w)"]
[Site "Pula YUG"]
[Date "1990.??.??"]
[Round "?"]
[White "Nikolin, Zorica"]
[Black "Makropoulou, Marina"]
[Result "1/2-1/2"]
[WhiteElo "2220"]
[BlackElo "2230"]
[EventDate "1990.??.??"]
[PlyCount "80"]

1.e4 c5 2.Nf3 Nc6 3.d4 cxd4 4.Nxd4 Qc7 5.Nc3 e6 6.Be3 a6 7.Bd3 Nf6 8.O-O 
Ne5 9.Be2 d6 10.f4 Nc4 11.Bxc4 Qxc4 12.e5 Nd5 13.Nxd5 Qxd5 14.exd6 Qxd6 
15.Qf3 Be7 16.Rad1 Qc7 17.f5 O-O 18.fxe6 fxe6 19.Qe4 Bf6 20.Nxe6 Qe7 21.
Nc5 Bg4 22.Qxe7 Bxe7 23.Rxf8+ Rxf8 24.Rd2 Bxc5 25.Bxc5 Re8 26.Kf2 Rc8 27.
b4 a5 28.a3 axb4 29.axb4 b5 30.h3 Be6 31.Rd6 Re8 32.Bd4 Re7 33.c3 Kf7 34.
Be3 Bc4 35.Rd4 Re6 36.Rd7+ Re7 37.Rd8 Re8 38.Rd4 Re6 39.Rh4 Rf6+ 40.Ke1 h6
1/2-1/2

[Event "Mediterranean zonal 5 (w)"]
[Site "Pula YUG"]
[Date "1990.??.??"]
[Round "?"]
[White "Nikolin, Zorica"]
[Black "Markovic-Jovanovic, Gordana"]
[Result "0-1"]
[WhiteElo "2220"]
[BlackElo "2230"]
[EventDate "1990.??.??"]
[PlyCount "66"]

1.e4 e5 2.Nf3 Nc6 3.Bb5 Nd4 4.Nxd4 exd4 5.O-O Bc5 6.Be2 Ne7 7.d3 O-O 8.Nd2
d5 9.Nf3 Ng6 10.Bg5 Qd6 11.Nh4 dxe4 12.dxe4 Qe5 13.Nxg6 hxg6 14.Qd2 Qxe4 
15.Bf3 Qe6 16.b4 Bb6 17.Rae1 Qxa2 18.Be7 Re8 19.Qg5 c6 20.h4 Bf5 21.h5 Bd8
22.Bxd8 Raxd8 23.b5 Qxc2 24.bxc6 bxc6 25.g4 Bd3 26.Rc1 Qb3 27.Bxc6 Bxf1 
28.Bxe8 Rxe8 29.Rxf1 gxh5 30.gxh5 d3 31.h6 Qc3 32.Qxg7+ Qxg7+ 33.hxg7 d2 
0-1

[Event "Mediterranean zonal 5 (w)"]
[Site "Pula YUG"]
[Date "1990.??.??"]
[Round "?"]
[White "Nikolin, Zorica"]
[Black "Oney, Fatmanur"]
[Result "1-0"]
[WhiteElo "2220"]
[BlackElo "2020"]
[EventDate "1990.??.??"]
[PlyCount "49"]

1.e4 c5 2.Nf3 Nc6 3.d4 cxd4 4.Nxd4 d6 5.Nc3 a6 6.Bc4 Qc7 7.Bb3 e6 8.f4 Nf6
9.Be3 Be7 10.f5 Nxd4 11.Bxd4 exf5 12.exf5 Bxf5 13.Qf3 Be6 14.O-O-O O-O 15.
Rdf1 Bxb3 16.axb3 Rac8 17.Rf2 Nd7 18.Nd5 Bg5+ 19.Kb1 Qd8 20.Qg3 Nc5 21.
Nf6+ Kh8 22.Qxg5 h6 23.Qf5 g6 24.Qf4 Kg7 25.Ng4+ 1-0

[Event "Mediterranean zonal 5 (w)"]
[Site "Pula YUG"]
[Date "1990.??.??"]
[Round "?"]
[White "Oney, Fatmanur"]
[Black "Micic, Jordanka"]
[Result "0-1"]
[WhiteElo "2020"]
[BlackElo "2210"]
[EventDate "1990.??.??"]
[PlyCount "74"]

1.d4 Nf6 2.c4 e6 3.Nf3 c5 4.d5 exd5 5.cxd5 d6 6.Nc3 g6 7.Bg5 Bg7 8.e3 h6 
9.Bh4 a6 10.a4 g5 11.Bg3 Nh5 12.a5 Nxg3 13.hxg3 b5 14.axb6 Qxb6 15.Qc2 Nd7
16.Nd2 Qd8 17.Nc4 Ne5 18.Nxe5 Bxe5 19.Bd3 Qe7 20.O-O O-O 21.Qe2 a5 22.Rfd1
Bd7 23.Ra3 Rfb8 24.Rda1 Qd8 25.Rd1 Rb4 26.Rd2 Rab8 27.Ra2 Bg7 28.e4 Bd4 
29.Nd1 a4 30.Nc3 Qf6 31.Rc2 Qe5 32.Kh2 Kg7 33.Kh1 h5 34.Qd2 g4 35.Kh2 h4 
36.Qf4 hxg3+ 37.Qxg3 Rh8+ 0-1

[Event "Mediterranean zonal 5 (w)"]
[Site "Pula YUG"]
[Date "1990.??.??"]
[Round "?"]
[White "Oney, Fatmanur"]
[Black "Botsari, Anna-Maria"]
[Result "0-1"]
[WhiteElo "2020"]
[BlackElo "2205"]
[EventDate "1990.??.??"]
[PlyCount "163"]

1.d4 Nf6 2.c4 e6 3.Nc3 d5 4.Nf3 c6 5.cxd5 exd5 6.Bg5 Be7 7.e3 Bf5 8.Qb3 
Qb6 9.Be2 Na6 10.O-O Nb4 11.Rac1 Nd3 12.Bxd3 Bxd3 13.Rfd1 Bf5 14.Ne1 O-O 
15.Nd3 h6 16.Bh4 g5 17.Bg3 Qxb3 18.axb3 Nh5 19.Ne2 f6 20.Bc7 Rfc8 21.Ba5 
Ng7 22.Be1 a5 23.Nc5 b6 24.Na4 Rab8 25.Ng3 Bg6 26.Ne2 Ne6 27.f3 b5 28.Nc5 
Nxc5 29.dxc5 Ra8 30.Nd4 f5 31.Bg3 Bf6 32.Kf1 Kf7 33.f4 Ke7 34.Ra1 Kd7 35.
Be1 Re8 36.Bf2 b4 37.Rd2 Re4 38.g3 Kc7 39.Rd3 Kb7 40.h3 Be7 41.Rc1 Bh7 42.
Rd2 Bf6 43.Ra1 Bg6 44.Kg2 Ree8 45.Kf1 Re4 46.Kg2 Be7 47.Rc2 Bd8 48.Kf1 Bc7
49.Rd2 Bd8 50.Kg2 Bf6 51.Kf1 Ree8 52.Kg2 Rec8 53.Kf1 Ka6 54.Kg2 Ra7 55.Kf1
Re7 56.Kg2 Re4 57.Kf1 Bxd4 58.Rxd4 Kb5 59.Ke2 gxf4 60.Rxe4 f3+ 61.Kxf3 
dxe4+ 62.Kf4 Rd8 63.Be1 Rd3 64.Ke5 Rxb3 65.Kf6 Bh5 66.Kxf5 Bf3 67.Kf4 Rxb2
68.g4 a4 69.h4 a3 70.g5 hxg5+ 71.hxg5 Be2 72.Kxe4 a2 73.Bg3 Bc4 74.Be5 Rb1
75.g6 b3 76.g7 b2 77.Bxb2 Rxb2 78.Rc1 Bd5+ 79.Ke5 Rb1 80.e4 Rxc1 81.exd5 
a1=Q+ 82.Kd6 0-1

[Event "Mediterranean zonal 5 (w)"]
[Site "Pula YUG"]
[Date "1990.??.??"]
[Round "?"]
[White "Oney, Fatmanur"]
[Black "Maksimovic, Suzana"]
[Result "0-1"]
[WhiteElo "2020"]
[BlackElo "2280"]
[EventDate "1990.??.??"]
[PlyCount "50"]

1.d4 Nf6 2.c4 e6 3.Nf3 c5 4.Nc3 cxd4 5.Nxd4 a6 6.g3 Qc7 7.b3 d5 8.Qd3 Bb4 
9.Nc2 dxc4 10.bxc4 Nc6 11.Bg2 O-O 12.Bf4 e5 13.Bd2 Be6 14.Nd5 Bxd5 15.cxd5
e4 16.Bxe4 Bxd2+ 17.Kxd2 Qa5+ 18.Kd1 Rfd8 19.Kc1 Rac8 20.Bf5 Nb4 21.Qb3 
Nxc2 22.Bxc2 Rxd5 23.Rd1 Rdc5 24.Rd2 Ne4 25.Qd3 Qxd2+ 0-1

[Event "Mediterranean zonal 5 (w)"]
[Site "Pula YUG"]
[Date "1990.??.??"]
[Round "?"]
[White "Oney, Fatmanur"]
[Black "Basagic, Vesna"]
[Result "0-1"]
[WhiteElo "2020"]
[BlackElo "2270"]
[EventDate "1990.??.??"]
[PlyCount "78"]

1.d4 g6 2.c4 Bg7 3.Nf3 d6 4.Nc3 Nd7 5.e4 e5 6.Be3 Ne7 7.Be2 O-O 8.Qd2 exd4
9.Nxd4 Nc6 10.Nxc6 bxc6 11.Bh6 Qf6 12.Bxg7 Qxg7 13.O-O Nc5 14.b4 Ne6 15.
Rfd1 Re8 16.Bf3 Qe5 17.g3 Rb8 18.Rab1 a5 19.a3 axb4 20.axb4 Ba6 21.Qd3 Bb7
22.Bg2 g5 23.Bh3 Ra8 24.Rb3 Bc8 25.Bg2 g4 26.Qd2 Kh8 27.Qb2 Ng5 28.Qd2 Be6
29.Qd4 Qxd4 30.Rxd4 Ra1+ 31.Rb1 Rxb1+ 32.Nxb1 Rb8 33.b5 cxb5 34.cxb5 Rxb5 
35.Nc3 Rb3 36.Rd3 Kg7 37.Kf1 Bc4 38.Ke2 Rb2+ 39.Ke3 Bxd3 0-1

[Event "Mediterranean zonal 5 (w)"]
[Site "Pula YUG"]
[Date "1990.??.??"]
[Round "?"]
[White "Oney, Fatmanur"]
[Black "Petraki, Maria"]
[Result "0-1"]
[WhiteElo "2020"]
[BlackElo "2055"]
[EventDate "1990.??.??"]
[PlyCount "74"]

1.d4 Nf6 2.c4 e6 3.Nf3 b6 4.a3 Bb7 5.Nc3 d5 6.cxd5 exd5 7.Bg5 Be7 8.e3 O-O
9.h3 Ne4 10.Bf4 Nd7 11.Nb5 c6 12.Nc3 f5 13.Be2 Kh8 14.Qc2 Rc8 15.Nxe4 fxe4
16.Ne5 Nxe5 17.Bxe5 Bf6 18.Bg4 Ra8 19.Bf4 Bxd4 20.Rd1 Bf6 21.O-O Qe7 22.
Rd2 c5 23.Rfd1 d4 24.exd4 cxd4 25.Bg3 d3 26.Qa4 Bg5 27.Rc1 Bxd2 28.Rc7 Qf6
29.Rd7 e3 30.f4 e2 31.Qe4 Rae8 32.Qxd3 e1=Q+ 33.Bxe1 Rxe1+ 34.Kf2 Qxf4+ 
35.Bf3 Qh4+ 36.g3 Qxh3 37.Qxd2 Qf1# 0-1

[Event "Mediterranean zonal 5 (w)"]
[Site "Pula YUG"]
[Date "1990.??.??"]
[Round "?"]
[White "Petraki, Maria"]
[Black "Bojkovic, Natasa"]
[Result "1-0"]
[WhiteElo "2055"]
[BlackElo "2270"]
[EventDate "1990.??.??"]
[PlyCount "85"]

1.d4 Nf6 2.c4 e6 3.Nf3 a6 4.Nc3 c5 5.d5 exd5 6.cxd5 d6 7.a4 g6 8.e4 Bg7 9.
Be2 O-O 10.O-O Re8 11.Nd2 b6 12.Re1 Nbd7 13.f4 Rb8 14.Qc2 h5 15.Nf3 Nf8 
16.Bc4 Re7 17.e5 N6h7 18.Bd2 Bf5 19.Qb3 b5 20.axb5 axb5 21.Nxb5 Reb7 22.
Ba5 Qd7 23.e6 fxe6 24.dxe6 Qe7 25.Qa4 d5 26.Bf1 Nxe6 27.Nc3 Qd6 28.Rad1 d4
29.Nb1 Qxf4 30.Qc4 Kh8 31.Qd5 Nc7 32.Qc6 Be4 33.Rxe4 Qf7 34.Rde1 Bf6 35.
Qd6 Nd5 36.Bc4 Rd7 37.Qxb8+ Kg7 38.Ne5 Bxe5 39.Qxe5+ Nhf6 40.R4e2 Kh7 41.
Bxd5 Nxd5 42.Rf1 Qg8 43.Bd2 1-0

[Event "Mediterranean zonal 5 (w)"]
[Site "Pula YUG"]
[Date "1990.??.??"]
[Round "?"]
[White "Petraki, Maria"]
[Black "Botsari, Anna-Maria"]
[Result "0-1"]
[WhiteElo "2055"]
[BlackElo "2205"]
[EventDate "1990.??.??"]
[PlyCount "74"]

1.d4 Nf6 2.c4 e6 3.Nf3 d5 4.cxd5 exd5 5.Nc3 c6 6.Qc2 Be7 7.Bg5 Na6 8.a3 g6
9.e3 Bf5 10.Bd3 Bxd3 11.Qxd3 O-O 12.Bxf6 Bxf6 13.h4 Qe7 14.h5 Nc7 15.hxg6 
fxg6 16.O-O-O b5 17.Ne2 b4 18.a4 c5 19.dxc5 Qxc5+ 20.Kb1 b3 21.Rc1 Qa5 22.
Rxh7 Kxh7 23.Rh1+ Kg7 24.Nf4 Rf7 25.Qxg6+ Kf8 26.Ng5 Bxg5 27.Qxg5 Ke8 28.
Qg8+ Ke7 29.Qg5+ Kd7 30.Qg4+ Ke8 31.Qg8+ Rf8 32.Qg6+ Kd7 33.Rh7+ Kc8 34.
Nd3 Qb6 35.Qg7 Kb8 36.Qe5 Qc6 37.Nb4 Qg6+ 0-1

[Event "Mediterranean zonal 5 (w)"]
[Site "Pula YUG"]
[Date "1990.??.??"]
[Round "?"]
[White "Petraki, Maria"]
[Black "Kondou, Eva"]
[Result "0-1"]
[WhiteElo "2055"]
[BlackElo "2240"]
[EventDate "1990.??.??"]
[PlyCount "102"]

1.d4 Nf6 2.c4 e6 3.Nf3 b6 4.e3 Bb7 5.Bd3 d5 6.O-O Nbd7 7.b3 Bd6 8.Bb2 O-O 
9.Ne5 dxc4 10.Nxc4 Be7 11.Nbd2 Nd5 12.Rc1 f5 13.Nf3 Bf6 14.Re1 Qe8 15.Qe2 
Qg6 16.Ba3 Rfe8 17.Nce5 Bxe5 18.dxe5 c5 19.Ba6 Bxa6 20.Qxa6 Qf7 21.Red1 
Nb8 22.Qc4 Nc6 23.Ng5 Qe7 24.Nxe6 Nxe3 25.fxe3 Qxe6 26.Qxe6+ Rxe6 27.Bb2 
Nxe5 28.Bxe5 Rxe5 29.Kf2 Rae8 30.Rc3 f4 31.exf4 Re2+ 32.Kf3 R8e7 33.a3 Rb2
34.Rdd3 Ree2 35.Rd8+ Kf7 36.g3 Rf2+ 37.Kg4 Rxh2 38.Re3 Rhd2 39.Rde8 Rd7 
40.R8e5 g6 41.f5 Rbd2 42.fxg6+ hxg6 43.Re8 Rb2 44.Rh8 Rd4+ 45.Kh3 a5 46.
Ree8 Rd7 47.Ref8+ Kg7 48.Kh4 Rxb3 49.g4 Rf7 50.Rhg8+ Kf6 51.Rh8 g5+ 0-1

[Event "Mediterranean zonal 5 (w)"]
[Site "Pula YUG"]
[Date "1990.??.??"]
[Round "?"]
[White "Petraki, Maria"]
[Black "Markovic-Jovanovic, Gordana"]
[Result "0-1"]
[WhiteElo "2055"]
[BlackElo "2230"]
[EventDate "1990.??.??"]
[PlyCount "120"]

1.d4 e6 2.c4 f5 3.Nf3 Nf6 4.e3 c6 5.Be2 d5 6.O-O Bd6 7.b3 Qe7 8.Bb2 O-O 9.
Ne5 Nbd7 10.Nd2 Ne4 11.f4 Ndf6 12.c5 Bc7 13.b4 g5 14.a4 Bd7 15.Nxe4 Nxe4 
16.Qc2 Be8 17.Bc3 Rf6 18.Bd3 Rh6 19.Bxe4 dxe4 20.Qf2 Rd8 21.Rab1 a6 22.
fxg5 Qxg5 23.Qf4 Qg7 24.Rb2 Rh5 25.Be1 Rd5 26.Bg3 Bxe5 27.dxe5 Rg5 28.Qf2 
Qd7 29.Bf4 Rg7 30.Bh6 Rg4 31.Bf4 Bh5 32.Bg3 Rg7 33.Kh1 Rd1 34.Kg1 Rd3 35.
a5 Bd1 36.Kh1 Ba4 37.Kg1 Bb5 38.Re1 Qd5 39.Bf4 Qc4 40.Bh6 Rg6 41.Bf4 Ba4 
42.Qh4 Rd7 43.Qf2 Qc3 44.Reb1 Bd1 45.Qf1 Bc2 46.Qe1 Rd2 47.Bg3 f4 48.Rc1 
Qd3 49.Rbxc2 Rxc2 50.Rd1 Qxe3+ 51.Qxe3 fxe3 52.Rd8+ Kf7 53.Kf1 Rg8 54.Rd7+
Kg6 55.Bf4 e2+ 56.Ke1 Rg7 57.Rd6 Kf5 58.g3 Kg4 59.Rxe6 Ra2 60.Rd6 Kf3 0-1

[Event "Mediterranean zonal 5 (w)"]
[Site "Pula YUG"]
[Date "1990.??.??"]
[Round "?"]
[White "Petraki, Maria"]
[Black "Nikolin, Zorica"]
[Result "0-1"]
[WhiteElo "2055"]
[BlackElo "2220"]
[EventDate "1990.??.??"]
[PlyCount "68"]

1.d4 Nf6 2.c4 g6 3.Nc3 Bg7 4.e4 d6 5.Be2 O-O 6.Bg5 Na6 7.Qd2 e5 8.d5 c6 9.
f3 cxd5 10.cxd5 Bd7 11.g4 Qa5 12.h4 h5 13.Bh6 Rac8 14.Bxg7 Kxg7 15.Nh3 b5 
16.g5 Ng8 17.Nf2 Qb6 18.O-O f5 19.Kg2 b4 20.Ncd1 Nc5 21.Ne3 Ne7 22.Nc4 Qb8
23.Rac1 fxe4 24.Nxe4 Nf5 25.Rh1 Nxe4 26.fxe4 Nd4 27.Rcf1 b3 28.a3 Nxe2 29.
Qxe2 Bb5 30.Rxf8 Rxf8 31.Rf1 Qc8 32.Rxf8 Qxf8 33.Qd3 Qf4 34.Kh3 Qg4+ 0-1